[Event "Skakligaen 2004-05"]
[Site "Denmark"]
[Date "2005.02.06"]
[Round "5.5"]
[White "Brinck Claussen, Bjorn"]
[Black "Ochsner, Thomas"]
[Result "1/2-1/2"]
[WhiteElo "2306"]
[BlackElo "2366"]
[PlyCount "79"]
[EventDate "2004.11.06"]
[EventType "team"]
[EventRounds "7"]
[EventCountry "DEN"]
[SourceDate "2004.11.06"]
[WhiteTeam "Bronshoj"]
[BlackTeam "Skolerne"]
[WhiteTeamCountry "DEN"]
[BlackTeamCountry "DEN"]

1. e4 e5 2. Nf3 Nc6 3. Bb5 a6 4. Ba4 Nf6 5. O-O Be7 6. Re1 b5 7. Bb3 d6 8. c3
O-O 9. h3 Na5 10. Bc2 c5 11. d4 Bb7 12. Nbd2 cxd4 13. cxd4 exd4 14. Nxd4 Re8
15. Nf1 Bf8 16. Ng3 g6 17. b3 Bg7 18. Bf4 d5 19. e5 Ne4 20. Nxe4 dxe4 21. Bxe4
Bxe4 22. Rxe4 Qd5 23. Re1 Bxe5 24. Bxe5 Rxe5 25. Rxe5 Qxe5 26. Nf3 Qb2 27. Qc1
Qf6 28. Rb1 Qf5 29. Rb2 Rc8 30. Qh6 Qf6 31. Rd2 Nc6 32. Ng5 Qg7 33. Qxg7+ Kxg7
34. Rd7 Ne5 35. Ra7 Rc6 36. f4 h6 37. fxe5 hxg5 38. Kh2 Re6 39. Kg3 Rxe5 40.
Rxa6 1/2-1/2

[Event "Skakligaen 2004-05"]
[Site "Denmark"]
[Date "2005.02.06"]
[Round "5.6"]
[White "Christensen, Tobias"]
[Black "Carstensen, Jacob"]
[Result "1-0"]
[WhiteElo "2349"]
[BlackElo "2290"]
[PlyCount "123"]
[EventDate "2004.11.06"]
[EventType "team"]
[EventRounds "7"]
[EventCountry "DEN"]
[SourceDate "2004.11.06"]
[WhiteTeam "Skolerne"]
[BlackTeam "Bronshoj"]
[WhiteTeamCountry "DEN"]
[BlackTeamCountry "DEN"]

1. e4 c5 2. Nf3 d6 3. d4 cxd4 4. Nxd4 Nf6 5. Nc3 a6 6. f3 e5 7. Nb3 Be7 8. Be3
O-O 9. Be2 Be6 10. O-O Nbd7 11. a4 Nb6 12. a5 Nc4 13. Bxc4 Bxc4 14. Rf2 d5 15.
Bb6 Qd7 16. exd5 Rac8 17. Rd2 Bb4 18. d6 Rfe8 19. Qe1 Re6 20. Rad1 Rc6 21. Qh4
Ne8 22. f4 Bxb3 23. cxb3 exf4 24. Qxf4 Rcxd6 25. Rxd6 Bxd6 26. Qf3 Rf6 27. Qe4
Rh6 28. g3 Nf6 29. Qe2 Qc6 30. Qc4 Qd7 31. Be3 Rg6 32. Bf4 Ne8 33. Kg2 h5 34.
Ne4 Qe7 35. Nxd6 Nxd6 36. Rxd6 Rxd6 37. Bxd6 Qxd6 38. Qc8+ Kh7 39. Qxb7 Qd2+
40. Kf3 Qxa5 41. Qxf7 Qe5 42. b4 Qb5 43. Ke3 h4 44. Qe7 hxg3 45. Qe4+ g6 46.
hxg3 Qb6+ 47. Qd4 Qe6+ 48. Kd3 Qb3+ 49. Qc3 Qd1+ 50. Kc4 Qg4+ 51. Kc5 Qd7 52.
Kb6 Qe6+ 53. Kb7 Qe2 54. b3 Qb5+ 55. Ka7 g5 56. Qc7+ Kg6 57. g4 Kf6 58. Qd6+
Kf7 59. Qxa6 Qe5 60. Qc4+ Ke8 61. b5 Qe3+ 62. b6 1-0

[Event "Skakligaen 2004-05"]
[Site "Denmark"]
[Date "2005.02.06"]
[Round "5.7"]
[White "Palm, Nikolaj"]
[Black "Glud, Jakob Vang"]
[Result "0-1"]
[WhiteElo "2213"]
[BlackElo "2283"]
[PlyCount "122"]
[EventDate "2004.11.06"]
[EventType "team"]
[EventRounds "7"]
[EventCountry "DEN"]
[SourceDate "2004.11.06"]
[WhiteTeam "Bronshoj"]
[BlackTeam "Skolerne"]
[WhiteTeamCountry "DEN"]
[BlackTeamCountry "DEN"]

1. d4 d5 2. e3 Nf6 3. Bd3 Bg4 4. f3 Bh5 5. Ne2 e6 6. O-O Bg6 7. Nf4 Bxd3 8.
Nxd3 Nbd7 9. b3 c5 10. Bb2 Rc8 11. Qe2 Qc7 12. e4 cxd4 13. e5 Ng8 14. Nd2 Ne7
15. Bxd4 Nf5 16. Bf2 Ba3 17. c4 O-O 18. cxd5 exd5 19. g4 Ne7 20. Nb1 Bc5 21.
Nxc5 Nxc5 22. Nc3 Qa5 23. Nb5 Ne6 24. Bg3 Qb6+ 25. Kh1 Nd4 26. Nxd4 Qxd4 27.
Rad1 Qb6 28. Rd2 Rc3 29. Rfd1 g5 30. Bf2 Qg6 31. Bd4 Rc6 32. Bb2 Rfc8 33. Ba3
Re6 34. Bxe7 Rxe7 35. Rxd5 Rc2 36. R1d2 Rxd2 37. Qxd2 Rc7 38. Rd8+ Kg7 39. Rg8+
Kxg8 40. Qd8+ Kg7 41. Qxc7 Qb1+ 42. Kg2 Qxa2+ 43. Kg3 Qxb3 44. Qe7 h6 45. h4
Qe6 46. Qc5 b6 47. Qc3 a5 48. hxg5 hxg5 49. Qe3 Kh6 50. f4 a4 51. fxg5+ Kg7 52.
Kh4 b5 53. Qc3 Kg8 54. Qc5 Qc4 55. Qe7 Qf4 56. g6 Kg7 57. gxf7 Qh2+ 58. Kg5
Qh6+ 59. Kf5 Qg6+ 60. Kf4 Qxf7+ 61. Qxf7+ Kxf7 0-1

[Event "Skakligaen 2004-05"]
[Site "Denmark"]
[Date "2005.02.06"]
[Round "5.8"]
[White "Jacobsen, Bo"]
[Black "Ligaard, Morten Lund"]
[Result "1-0"]
[WhiteElo "2254"]
[BlackElo "2202"]
[PlyCount "79"]
[EventDate "2004.11.06"]
[EventType "team"]
[EventRounds "7"]
[EventCountry "DEN"]
[SourceDate "2004.11.06"]
[WhiteTeam "Skolerne"]
[BlackTeam "Bronshoj"]
[WhiteTeamCountry "DEN"]
[BlackTeamCountry "DEN"]

1. c4 c6 2. Nf3 d5 3. g3 dxc4 4. Bg2 Nd7 5. Qc2 e5 6. Qxc4 Bd6 7. O-O Ngf6 8.
Nc3 O-O 9. d4 Qe7 10. e4 Re8 11. Re1 exd4 12. Nxd4 Ne5 13. Qf1 Bc5 14. Nb3 Bb6
15. Be3 Bxe3 16. Rxe3 Be6 17. h3 Bc4 18. Qb1 Rad8 19. Nc1 Rd2 20. b3 Ba6 21.
N1e2 Nd3 22. Qf1 Nb4 23. Qc1 Red8 24. Qa3 c5 25. Nd5 Nfxd5 26. exd5 Qf6 27. Re1
Rxa2 28. Nf4 g6 29. Qc1 Nc2 30. Re8+ Kg7 31. Rxd8 Qxd8 32. Rd1 Qd6 33. Kh2 Nb4
34. Qe3 Nc2 35. Qd2 Qf6 36. d6 Rb2 37. Nd5 Qe5 38. d7 Nb4 39. Nxb4 Rxd2 40.
Rxd2 1-0

[Event "Skakligaen 2004-05"]
[Site "Denmark"]
[Date "2005.03.06"]
[Round "6.1"]
[White "Nielsen, Peter Heine"]
[Black "Rodgaard, John"]
[Result "1/2-1/2"]
[WhiteElo "2662"]
[BlackElo "2323"]
[PlyCount "98"]
[EventDate "2004.11.06"]
[EventType "team"]
[EventRounds "7"]
[EventCountry "DEN"]
[SourceDate "2004.11.06"]
[WhiteTeam "Helsinge"]
[BlackTeam "Foroyar"]
[WhiteTeamCountry "DEN"]
[BlackTeamCountry "DEN"]

1. d4 d5 2. c4 e6 3. Nc3 Be7 4. Nf3 Nf6 5. Bf4 O-O 6. e3 c5 7. dxc5 Bxc5 8. a3
Nc6 9. Qc2 Bd6 10. Bg5 Be7 11. Rd1 Qa5 12. Bd3 h6 13. Bh4 Rd8 14. O-O dxc4 15.
Bxc4 Bd7 16. Be2 Be8 17. Nd2 Qf5 18. Qxf5 exf5 19. Nc4 Rxd1 20. Rxd1 Rd8 21.
Rxd8 Nxd8 22. Bg3 Kf8 23. Nd6 Bd7 24. Bf3 Bxd6 25. Bxd6+ Ke8 26. b4 Bc6 27. Be2
a6 28. Be5 Ke7 29. a4 g6 30. b5 axb5 31. axb5 Bd7 32. Bd4 Ne6 33. Ba7 Ne4 34.
Nxe4 fxe4 35. Bb8 Nc5 36. f3 Nd3 37. b6 Bc6 38. f4 h5 39. Bd1 Nc5 40. h3 Ba4
41. Be2 Nd3 42. Kh2 Bb3 43. g4 hxg4 44. hxg4 Nb2 45. Bb5 Nc4 46. Bc6 Nxb6 47.
Bxe4 Nd5 48. Kg3 Nxe3 49. Bxb7 Bd1 1/2-1/2

[Event "Skakligaen 2004-05"]
[Site "Denmark"]
[Date "2005.03.06"]
[Round "6.2"]
[White "Nilssen, John Arni"]
[Black "Schandorff, Lars"]
[Result "1/2-1/2"]
[WhiteElo "2403"]
[BlackElo "2520"]
[PlyCount "84"]
[EventDate "2004.11.06"]
[EventType "team"]
[EventRounds "7"]
[EventCountry "DEN"]
[SourceDate "2004.11.06"]
[WhiteTeam "Foroyar"]
[BlackTeam "Helsinge"]
[WhiteTeamCountry "DEN"]
[BlackTeamCountry "DEN"]

1. d4 Nf6 2. c4 e6 3. Nc3 Bb4 4. g3 O-O 5. Bg2 d5 6. Nf3 dxc4 7. O-O Nc6 8. Bg5
h6 9. Bxf6 Qxf6 10. Rc1 Rd8 11. e3 e5 12. Nxe5 Nxe5 13. dxe5 Qe7 14. Nd5 Qxe5
15. Rxc4 Bf8 16. f4 Qd6 17. Rd4 Re8 18. Qc1 c5 19. Rd2 f5 20. b4 Rb8 21. bxc5
Qxc5 22. Rc2 Qa3 23. Qxa3 Bxa3 24. Rc3 Bd6 25. Rd1 Rd8 26. Rcd3 Be6 27. Nc3 Be7
28. Rxd8+ Bxd8 29. Rd6 Kf7 30. Bd5 Bxd5 31. Rxd5 g6 32. Nb5 Bb6 33. Kf2 Ke7 34.
Rd6 Rg8 35. Kf3 Bc5 36. Rd5 Rc8 37. e4 fxe4+ 38. Kxe4 a6 39. Nd4 Bxd4 40. Rxd4
Rc2 41. a4 Rxh2 42. Rb4 b5 1/2-1/2

[Event "Skakligaen 2004-05"]
[Site "Denmark"]
[Date "2005.03.06"]
[Round "6.3"]
[White "Hutters, Tomas"]
[Black "Olsen, Heini"]
[Result "1-0"]
[WhiteElo "2446"]
[BlackElo "2359"]
[PlyCount "81"]
[EventDate "2004.11.06"]
[EventType "team"]
[EventRounds "7"]
[EventCountry "DEN"]
[SourceDate "2004.11.06"]
[WhiteTeam "Helsinge"]
[BlackTeam "Foroyar"]
[WhiteTeamCountry "DEN"]
[BlackTeamCountry "DEN"]

1. d4 Nf6 2. c4 e6 3. g3 d5 4. Nf3 Be7 5. Bg2 O-O 6. O-O dxc4 7. Nc3 Nc6 8. e3
Nd5 9. Qe2 Nb6 10. Rd1 Bf6 11. Ne4 Qe7 12. Nxf6+ Qxf6 13. Nd2 e5 14. d5 Ne7 15.
Nxc4 Rd8 16. b3 Nexd5 17. Bb2 Be6 18. Nxe5 Qe7 19. Nd3 c6 20. Bd4 Nf6 21. Nc5
Bg4 22. f3 Rxd4 23. Rxd4 Bxf3 24. Qxf3 Qxc5 25. Rad1 Nbd5 26. b4 Qe7 27. b5 Re8
28. bxc6 bxc6 29. e4 Nc7 30. Rd6 c5 31. e5 Qxe5 32. Rd8 g6 33. Rxe8+ Ncxe8 34.
Qf4 Qe6 35. a4 Kg7 36. h3 Nh5 37. Qf2 Qb3 38. Re1 Qxa4 39. Qxc5 Nef6 40. Qe5
Qb3 41. g4 1-0

[Event "Skakligaen 2004-05"]
[Site "Denmark"]
[Date "2005.03.06"]
[Round "6.4"]
[White "Naes, Flovin Tor"]
[Black "Pedersen, Steffen"]
[Result "0-1"]
[WhiteElo "2303"]
[BlackElo "2434"]
[PlyCount "102"]
[EventDate "2004.11.06"]
[EventType "team"]
[EventRounds "7"]
[EventCountry "DEN"]
[SourceDate "2004.11.06"]
[WhiteTeam "Foroyar"]
[BlackTeam "Helsinge"]
[WhiteTeamCountry "DEN"]
[BlackTeamCountry "DEN"]

1. c4 c6 2. e4 d5 3. exd5 cxd5 4. d4 Nf6 5. Nc3 Nc6 6. Bg5 dxc4 7. d5 Ne5 8.
Qd4 h6 9. Bf4 Ng6 10. Bg3 e5 11. Bxe5 Bb4 12. Bxf6 Qxf6 13. Qxf6 gxf6 14. Bxc4
Bd7 15. Kd2 O-O 16. Nge2 Ne5 17. Bb3 Rac8 18. Rad1 b5 19. Ng3 Rfd8 20. Rhe1 a5
21. Nge4 Nc4+ 22. Bxc4 Rxc4 23. Nxf6+ Kg7 24. Nxd7 Rxd7 25. Kc2 Rdc7 26. Rd3
Bd6 27. Kb1 Rb7 28. Re4 Rc8 29. Rg4+ Kf8 30. a3 b4 31. axb4 axb4 32. Ne4 Be5
33. d6 f5 34. d7 Rxd7 35. Rxd7 fxg4 36. Ka2 Rc4 37. Nd6 Rd4 38. Rd8+ Ke7 39.
Rg8 Bxd6 40. Kb3 Rf4 41. g3 Rf3+ 42. Kc4 Rxf2 43. Rxg4 Rxh2 44. b3 Rc2+ 45. Kd5
Rc5+ 46. Kd4 Kd7 47. Rg7+ Kc6 48. Rg6 Rg5 49. Rxh6 Rxg3 50. Rh8 Rxb3 51. Rc8+
Kb5 0-1

[Event "Skakligaen 2004-05"]
[Site "Denmark"]
[Date "2005.03.06"]
[Round "6.5"]
[White "Berg, Klaus"]
[Black "Simonsen, Hans Kristian"]
[Result "1/2-1/2"]
[WhiteElo "2418"]
[BlackElo "2293"]
[PlyCount "139"]
[EventDate "2004.11.06"]
[EventType "team"]
[EventRounds "7"]
[EventCountry "DEN"]
[SourceDate "2004.11.06"]
[WhiteTeam "Helsinge"]
[BlackTeam "Foroyar"]
[WhiteTeamCountry "DEN"]
[BlackTeamCountry "DEN"]

1. c4 e6 2. Nc3 d5 3. d4 c6 4. cxd5 exd5 5. Nf3 Bf5 6. Bg5 Qb6 7. Qc1 Nd7 8. e3
Bd6 9. Be2 h6 10. Bh4 Ngf6 11. O-O O-O 12. a3 a5 13. Bg3 Bxg3 14. hxg3 Rfe8 15.
Na4 Qc7 16. b4 axb4 17. axb4 Qd6 18. b5 Qb4 19. bxc6 bxc6 20. Qxc6 Ra5 21. Nc5
Nxc5 22. Rxa5 Qxa5 23. Qxc5 Qa2 24. Qb5 Rc8 25. Ne5 Rc2 26. Bd3 Rb2 27. Qa6
Qxa6 28. Bxa6 Rb1 29. Rxb1 Bxb1 30. g4 Kf8 31. f3 Ke7 32. Bb5 Ng8 33. Bd3 Ba2
34. Kf2 f6 35. Ng6+ Kd6 36. Nh4 Ne7 37. Nf5+ Nxf5 38. gxf5 Bb3 39. Kg3 Ba4 40.
Kf4 Bc6 41. e4 dxe4 42. fxe4 Ba4 43. Bc4 Bd1 44. Ke3 Ba4 45. Kd3 Bc6 46. Bf7
Bb5+ 47. Ke3 Ke7 48. Bh5 Kd6 49. Kf4 Ba4 50. Bf3 Be8 51. Ke3 Bb5 52. Kd2 Ba4
53. Kc3 Bb5 54. Kb4 Be8 55. Ka5 Bd7 56. Be2 Bc6 57. Bd3 Be8 58. Kb6 Bh5 59. Kb7
Be8 60. Kc8 Bd7+ 61. Kd8 Ba4 62. g3 Bc6 63. Kc8 Bd7+ 64. Kb7 Be8 65. Kb6 Ba4
66. Bb5 Bd1 67. Bc6 Bh5 68. Kb7 Bd1 69. Bd5 Ba4 70. Kb6 1/2-1/2

[Event "Skakligaen 2004-05"]
[Site "Denmark"]
[Date "2005.03.06"]
[Round "6.6"]
[White "Samuelsen, Carl Eli"]
[Black "Bekker Jensen, Simon"]
[Result "0-1"]
[WhiteElo "2195"]
[BlackElo "2405"]
[PlyCount "82"]
[EventDate "2004.11.06"]
[EventType "team"]
[EventRounds "7"]
[EventCountry "DEN"]
[SourceDate "2004.11.06"]
[WhiteTeam "Foroyar"]
[BlackTeam "Helsinge"]
[WhiteTeamCountry "DEN"]
[BlackTeamCountry "DEN"]

1. e4 c5 2. Nf3 d6 3. d4 Nf6 4. Nc3 cxd4 5. Nxd4 a6 6. Be2 e5 7. Nb3 Be7 8. Be3
Be6 9. O-O O-O 10. f3 Nbd7 11. Qe1 b5 12. Rd1 Qc7 13. a3 Nb6 14. Bxb6 Qxb6+ 15.
Kh1 Rac8 16. Bd3 Qb7 17. Qf2 Bd8 18. Rfe1 Bb6 19. Qd2 Rfd8 20. a4 bxa4 21. Nxa4
Bxb3 22. cxb3 Bd4 23. Bc4 d5 24. exd5 Nxd5 25. Qa5 Rd6 26. Nc3 Ne3 27. Ne4 Rb6
28. Rc1 Nxc4 29. Rxc4 Rxc4 30. bxc4 h6 31. c5 Rxb2 32. Nd6 Qc6 33. Qd8+ Kh7 34.
Nxf7 Qxc5 35. Qh8+ Kg6 36. Qe8 Qc2 37. Qe6+ Kh7 38. Qg4 Rb1 39. Ng5+ Kh8 40.
Nf7+ Kg8 41. Nxh6+ Kh7 0-1

[Event "Skakligaen 2004-05"]
[Site "Denmark"]
[Date "2005.03.06"]
[Round "6.7"]
[White "Bekker Jensen, David"]
[Black "Danielsen, Heini"]
[Result "1-0"]
[WhiteElo "2275"]
[BlackElo "2149"]
[PlyCount "69"]
[EventDate "2004.11.06"]
[EventType "team"]
[EventRounds "7"]
[EventCountry "DEN"]
[SourceDate "2004.11.06"]
[WhiteTeam "Helsinge"]
[BlackTeam "Foroyar"]
[WhiteTeamCountry "DEN"]
[BlackTeamCountry "DEN"]

1. d4 Nf6 2. c4 e6 3. Nc3 d5 4. cxd5 exd5 5. Bg5 c6 6. Qc2 Bd6 7. e3 O-O 8. Bd3
h6 9. Bh4 Re8 10. Nf3 Be6 11. Bg3 Qe7 12. O-O Nbd7 13. Bxd6 Qxd6 14. h3 a6 15.
Rac1 b6 16. Qe2 b5 17. Rc2 c5 18. dxc5 Nxc5 19. Rfc1 b4 20. Nb5 axb5 21. Rxc5
Rxa2 22. Qd2 b3 23. Rxb5 Rd8 24. Bb1 Ne4 25. Qe2 Ra1 26. Rxb3 d4 27. Rd3 Qa6
28. Rxd4 Qxe2 29. Rxd8+ Kh7 30. Bxe4+ f5 31. Rxa1 fxe4 32. Nd4 Qxb2 33. Ra7 Qb6
34. Raa8 Bf7 35. Rd7 1-0

[Event "Skakligaen 2004-05"]
[Site "Denmark"]
[Date "2005.03.06"]
[Round "6.8"]
[White "Petersen, Terji"]
[Black "Bekker Jensen, Anne"]
[Result "0-1"]
[WhiteElo "2022"]
[BlackElo "1980"]
[PlyCount "86"]
[EventDate "2004.11.06"]
[EventType "team"]
[EventRounds "7"]
[EventCountry "DEN"]
[SourceDate "2004.11.06"]
[WhiteTeam "Foroyar"]
[BlackTeam "Helsinge"]
[WhiteTeamCountry "DEN"]
[BlackTeamCountry "DEN"]

1. d4 Nf6 2. c4 g6 3. Nc3 Bg7 4. e4 d6 5. f3 O-O 6. Be3 e5 7. d5 Nh5 8. g4 Nf4
9. Nge2 f5 10. exf5 gxf5 11. h3 Bf6 12. Qd2 Bh4+ 13. Kd1 Nxe2 14. Bxe2 f4 15.
Bg1 a5 16. Ne4 Nd7 17. Bd3 Nf6 18. Kc2 Bd7 19. Nxf6+ Qxf6 20. Rc1 a4 21. Kb1 b6
22. Rc3 Be8 23. Rh2 Bg3 24. Rh1 Bh4 25. Ra3 Bg6 26. Bf2 Bxd3+ 27. Rxd3 Kh8 28.
Bxh4 Qxh4 29. Qe1 Qxe1+ 30. Rxe1 h6 31. Kc2 Ra5 32. Rc3 Rb8 33. Kd3 b5 34. c5
b4 35. Rc4 Rbb5 36. Rec1 Kg7 37. Ke4 Kf6 38. cxd6 cxd6 39. h4 b3 40. Ra1 a3 41.
g5+ hxg5 42. hxg5+ Kg6 43. Rc8 axb2 0-1

[Event "Skakligaen 2004-05"]
[Site "Denmark"]
[Date "2005.03.06"]
[Round "6.1"]
[White "Matthiesen, Arne"]
[Black "Hansen, Sune Berg"]
[Result "0-1"]
[WhiteElo "2334"]
[BlackElo "2558"]
[PlyCount "166"]
[EventDate "2004.11.06"]
[EventType "team"]
[EventRounds "7"]
[EventCountry "DEN"]
[SourceDate "2004.11.06"]
[WhiteTeam "SK68"]
[BlackTeam "Helsingor"]
[WhiteTeamCountry "DEN"]
[BlackTeamCountry "DEN"]

1. d4 Nf6 2. Bg5 e6 3. Nd2 c5 4. e3 cxd4 5. exd4 Be7 6. c3 Nc6 7. Ngf3 Nd5 8.
Bxe7 Ncxe7 9. g3 O-O 10. Bg2 Rb8 11. a4 b6 12. O-O Bb7 13. Re1 Nf6 14. Nc4 Qc7
15. Ne3 d6 16. Qb3 a6 17. Nd2 Bxg2 18. Nxg2 Qb7 19. Nf4 b5 20. axb5 axb5 21.
Ra2 Nf5 22. Nd3 h6 23. Nb4 h5 24. Qd1 Ra8 25. Rxa8 Rxa8 26. Qf3 Qxf3 27. Nxf3
Ne7 28. Ng5 Kf8 29. Ne4 Nxe4 30. Rxe4 Ra1+ 31. Kg2 d5 32. Re2 Nf5 33. Nd3 Rd1
34. Nb4 Nd6 35. h4 g6 36. Kf3 Nc4 37. Rc2 Rb1 38. Nd3 Ke7 39. Kf4 Kf6 40. Re2
b4 41. Nxb4 Nxb2 42. Rc2 Nd1 43. Na2 Rb3 44. Kf3 Nb2 45. Nc1 Rb6 46. Ne2 Kf5
47. Nf4 Rb3 48. Ng2 Kf6 49. Nf4 Na4 50. Ne2 Kf5 51. Ke3 Kg4 52. f3+ Kf5 53. Rc1
Ra3 54. Rc2 Nb6 55. Kd3 Nc4 56. Nc1 Ra1 57. Ke2 f6 58. Nd3 g5 59. hxg5 fxg5 60.
Kf2 Rh1 61. Kg2 Rb1 62. Rc1 Ne3+ 63. Kh2 Rb3 64. Re1 Nc4 65. Rc1 Ra3 66. Nb4
Kf6 67. Kg2 Ne3+ 68. Kh2 Kf5 69. Kg1 h4 70. gxh4 gxh4 71. Nd3 Ra2 72. Re1 Nc4
73. Ne5 Nd2 74. Kh1 Kf4 75. Rg1 h3 76. Rg4+ Ke3 77. Rh4 Kf2 78. Kh2 Ra1 79.
Kxh3 Rg1 80. Nd3+ Ke2 81. Nc5 Nxf3 82. Rh5 Rg6 83. Rh7 Ng5+ 0-1

[Event "Skakligaen 2004-05"]
[Site "Denmark"]
[Date "2005.03.06"]
[Round "6.2"]
[White "Aagaard, Jacob"]
[Black "Holst, Allan"]
[Result "1-0"]
[WhiteElo "2459"]
[BlackElo "2362"]
[PlyCount "83"]
[EventDate "2004.11.06"]
[EventType "team"]
[EventRounds "7"]
[EventCountry "DEN"]
[SourceDate "2004.11.06"]
[WhiteTeam "Helsingor"]
[BlackTeam "SK68"]
[WhiteTeamCountry "DEN"]
[BlackTeamCountry "DEN"]

1. e4 e6 2. d4 d5 3. Nc3 Bb4 4. e5 Ne7 5. a3 Bxc3+ 6. bxc3 b6 7. Nh3 Ng6 8. a4
Qd7 9. Bb5 c6 10. Bd3 Ba6 11. O-O Bxd3 12. Qxd3 c5 13. f4 Ne7 14. f5 Nxf5 15.
g4 Nh6 16. Nf4 Nxg4 17. Qg3 h5 18. h3 Nh6 19. Nxh5 Nc6 20. Nxg7+ Kd8 21. Bxh6
Kc7 22. Rf6 Rag8 23. Kh2 Kb8 24. Qe3 cxd4 25. cxd4 Rh7 26. Rg1 Rgh8 27. Nh5 Nb4
28. c3 Nc2 29. Qd2 Qxa4 30. Bg7 Rc8 31. Nf4 Rc7 32. Qd3 Rh4 33. Qg3 Rh7 34. Qd3
Rh4 35. Kg3 Rxf4 36. Rxf4 Qb3 37. Rf3 b5 38. h4 a5 39. h5 a4 40. h6 a3 41. h7
Rc8 42. h8=Q 1-0

[Event "Skakligaen 2004-05"]
[Site "Denmark"]
[Date "2005.03.06"]
[Round "6.3"]
[White "Matthiesen, Martin"]
[Black "Holmsgaard, Henrik"]
[Result "1/2-1/2"]
[WhiteElo "2280"]
[BlackElo "2319"]
[PlyCount "64"]
[EventDate "2004.11.06"]
[EventType "team"]
[EventRounds "7"]
[EventCountry "DEN"]
[SourceDate "2004.11.06"]
[WhiteTeam "SK68"]
[BlackTeam "Helsingor"]
[WhiteTeamCountry "DEN"]
[BlackTeamCountry "DEN"]

1. d4 d5 2. c4 c6 3. Nf3 Nf6 4. Nc3 dxc4 5. a4 Bf5 6. Ne5 Nbd7 7. Nxc4 Nb6 8.
Ne5 a5 9. f3 Nfd7 10. Nxd7 Nxd7 11. e4 Bg6 12. Be3 Qb6 13. Qc2 e5 14. Rd1 Bb4
15. Bc4 O-O-O 16. Ke2 exd4 17. Bxd4 Bc5 18. Bxc5 Qxc5 19. Bd3 Ne5 20. Rd2 f6
21. Rc1 Kb8 22. Nb1 Qb6 23. Bc4 Rd4 24. Rxd4 Qxd4 25. Bb3 Re8 26. Qc3 Qb6 27.
Nd2 f5 28. Bc2 fxe4 29. Nxe4 Ng4 30. Re1 Nf2 31. Kf1 Nxe4 32. Bxe4 Bxe4 1/2-1/2

[Event "Skakligaen 2004-05"]
[Site "Denmark"]
[Date "2005.03.06"]
[Round "6.4"]
[White "Larsen, Ole Bogh"]
[Black "Hansen, Lars"]
[Result "1/2-1/2"]
[WhiteElo "2235"]
[BlackElo "2275"]
[PlyCount "88"]
[EventDate "2004.11.06"]
[EventType "team"]
[EventRounds "7"]
[EventCountry "DEN"]
[SourceDate "2004.11.06"]
[WhiteTeam "Helsingor"]
[BlackTeam "SK68"]
[WhiteTeamCountry "DEN"]
[BlackTeamCountry "DEN"]

1. d4 g6 2. e4 Bg7 3. c3 d6 4. Nf3 Nf6 5. Bd3 O-O 6. O-O Nbd7 7. Nbd2 e5 8.
dxe5 dxe5 9. Nc4 Nh5 10. Re1 Qe7 11. Bf1 Nc5 12. b4 Ne6 13. g3 Rd8 14. Qc2 f6
15. a4 b6 16. Ba3 Bb7 17. b5 Qe8 18. a5 Bf8 19. a6 Bc8 20. Ne3 Bxa3 21. Rxa3
Bd7 22. Qb3 Kh8 23. c4 Nc5 24. Qb1 Qf8 25. Ra2 Be6 26. Nd5 Bxd5 27. cxd5 Ng7
28. Nd2 Ne8 29. Nc4 Nd6 30. f4 Nxc4 31. Bxc4 Nxa6 32. bxa6 Qc5+ 33. Kg2 Qxc4
34. fxe5 fxe5 35. Rc2 Qd4 36. Rxc7 Qd2+ 37. Kh1 Rf8 38. Rf1 Qe2 39. Kg1 Qe3+
40. Kg2 Qe2+ 41. Kg1 Qxa6 42. d6 b5 43. Qd3 Qb6+ 44. Kg2 Rxf1 1/2-1/2

[Event "Skakligaen 2004-05"]
[Site "Denmark"]
[Date "2005.03.06"]
[Round "6.5"]
[White "Lindfeldt, Jan Magnus"]
[Black "Jorgensen, Michael"]
[Result "1-0"]
[WhiteElo "2290"]
[BlackElo "2192"]
[PlyCount "141"]
[EventDate "2004.11.06"]
[EventType "team"]
[EventRounds "7"]
[EventCountry "DEN"]
[SourceDate "2004.11.06"]
[WhiteTeam "SK68"]
[BlackTeam "Helsingor"]
[WhiteTeamCountry "DEN"]
[BlackTeamCountry "DEN"]

1. e4 e6 2. d4 d5 3. Nc3 Bb4 4. Nge2 dxe4 5. a3 Be7 6. g4 Bd7 7. Be3 Nf6 8. h3
Bc6 9. Qd2 Nbd7 10. O-O-O Nb6 11. Ng3 Qd7 12. Rg1 O-O-O 13. Be2 h6 14. Kb1 Rhe8
15. Qc1 Kb8 16. g5 hxg5 17. Bxg5 Rh8 18. h4 Qe8 19. h5 Qf8 20. Bf4 Rd7 21. Be5
Qd8 22. Ka1 Ne8 23. Ngxe4 f6 24. Bf4 Rxd4 25. Rxd4 Qxd4 26. Rd1 Qxe4 27. Nxe4
Bxe4 28. c4 e5 29. Be3 Bc6 30. c5 Nc8 31. Qc2 e4 32. Bg4 f5 33. Bxf5 Nf6 34.
Bg6 a6 35. Bd4 Na7 36. Bxf6 Bxf6 37. Bxe4 Rxh5 38. Bxc6 Nxc6 39. Qe2 Rxc5 40.
Qe8+ Ka7 41. Qe3 b6 42. Rc1 Bd4 43. Rxc5 Bxe3 44. Rxc6 Kb7 45. Rc2 Bd4 46. Kb1
c5 47. b3 Kc6 48. f3 Kd5 49. Rg2 Bf6 50. Rg4 b5 51. Kc2 c4 52. bxc4+ bxc4 53.
Rf4 Kc5 54. Rf5+ Kc6 55. a4 Bd4 56. Ra5 Kb6 57. Rd5 Bf6 58. Kd2 Kc6 59. Ra5 Kb6
60. Rf5 Bd4 61. Rd5 Bf6 62. Ke3 Kc6 63. Ra5 Kb6 64. Rf5 Kc6 65. Ke4 Kb6 66. Rd5
Kc6 67. Rh5 Kb6 68. Kd5 c3 69. Rh2 Ka5 70. Kc4 Be5 71. Rh5 1-0

[Event "Skakligaen 2004-05"]
[Site "Denmark"]
[Date "2005.03.06"]
[Round "6.6"]
[White "Nielsen, Nicholas Roland"]
[Black "Bank, Pelle Rodkjaer"]
[Result "1-0"]
[WhiteElo "2195"]
[BlackElo "2269"]
[PlyCount "49"]
[EventDate "2004.11.06"]
[EventType "team"]
[EventRounds "7"]
[EventCountry "DEN"]
[SourceDate "2004.11.06"]
[WhiteTeam "Helsingor"]
[BlackTeam "SK68"]
[WhiteTeamCountry "DEN"]
[BlackTeamCountry "DEN"]

1. e4 g6 2. d4 c6 3. Nc3 d5 4. e5 Qb6 5. Nge2 Nh6 6. Bg5 Qxb2 7. Rb1 Qa3 8. Qd2
Nf5 9. g4 Ng7 10. h3 h5 11. Rg1 hxg4 12. hxg4 Qa5 13. Nf4 Qc7 14. Bd3 Be6 15.
Bf6 exf6 16. exf6 Bc8 17. fxg7 Bxg7 18. Kf1 O-O 19. Re1 Bxd4 20. Rh1 Be5 21.
Nfxd5 cxd5 22. Nxd5 Qd6 23. Qh6 Rd8 24. Rxe5 Qxe5 25. Ne7+ 1-0

[Event "Skakligaen 2004-05"]
[Site "Denmark"]
[Date "2005.03.06"]
[Round "6.7"]
[White "Sobjerg, Erik"]
[Black "Vinther Juul, Kristian"]
[Result "1-0"]
[WhiteElo "2294"]
[BlackElo "2084"]
[PlyCount "77"]
[EventDate "2004.11.06"]
[EventType "team"]
[EventRounds "7"]
[EventCountry "DEN"]
[SourceDate "2004.11.06"]
[WhiteTeam "SK68"]
[BlackTeam "Helsingor"]
[WhiteTeamCountry "DEN"]
[BlackTeamCountry "DEN"]

1. e4 e6 2. d4 d5 3. Nc3 Nf6 4. Bg5 Be7 5. Bxf6 Bxf6 6. Nf3 c5 7. exd5 exd5 8.
Bb5+ Nc6 9. dxc5 Bxc3+ 10. bxc3 O-O 11. O-O Bg4 12. h3 Bh5 13. Qd3 Bg6 14. Qd2
Qa5 15. Rfb1 Rab8 16. Qf4 Rbc8 17. Bxc6 bxc6 18. Qb4 Qd8 19. Nd4 Rc7 20. Re1
Re8 21. Qa5 Kf8 22. Rxe8+ Kxe8 23. Re1+ Kd7 24. c4 dxc4 25. Rd1 Ke8 26. Rd2 Rd7
27. Re2+ Kf8 28. Nxc6 Qxa5 29. Nxa5 Rd1+ 30. Kh2 c3 31. Nb3 a5 32. c6 a4 33. c7
Bf5 34. Nc5 Rd2 35. Re5 Bc8 36. Nxa4 Rd7 37. Rc5 Ke7 38. Nb6 Kd6 39. Nxd7 1-0

[Event "Skakligaen 2004-05"]
[Site "Denmark"]
[Date "2005.03.06"]
[Round "6.8"]
[White "Petersen, Jan"]
[Black "Christensen, Thomas K"]
[Result "0-1"]
[WhiteElo "1478"]
[BlackElo "2269"]
[PlyCount "58"]
[EventDate "2004.11.06"]
[EventType "team"]
[EventRounds "7"]
[EventCountry "DEN"]
[SourceDate "2004.11.06"]
[WhiteTeam "Helsingor"]
[BlackTeam "SK68"]
[WhiteTeamCountry "DEN"]
[BlackTeamCountry "DEN"]

1. e4 c5 2. Nf3 d6 3. d4 cxd4 4. Nxd4 Nf6 5. f3 Nc6 6. c4 g6 7. Be3 Bg7 8. Nc3
O-O 9. Be2 Nxd4 10. Bxd4 Nd7 11. O-O b6 12. Nd5 a5 13. Rc1 Bb7 14. Rc3 Bxd5 15.
cxd5 Bxd4+ 16. Qxd4 Nc5 17. b3 f5 18. Rfc1 Qd7 19. a3 a4 20. bxa4 Rxa4 21. Rc4
Nb3 22. Qd1 Nxc1 23. Qxc1 Rxc4 24. Bxc4 Qc7 25. Qf1 Qc5+ 26. Kh1 fxe4 27. Bb5
exf3 28. gxf3 Qxa3 29. Bd7 Qxf3+ 0-1